[Event "Quebec op U1700"]
[Site "Montreal"]
[Date "2016.07.29"]
[Round "8.58"]
[White "Stoyanova, Stela"]
[Black "Cloutier, Jean Pierre"]
[Result "0-1"]
[WhiteElo "1474"]
[BlackElo "1637"]
[PlyCount "98"]
[EventDate "2016.07.23"]
[EventType "swiss"]
[EventRounds "8"]
[EventCountry "CAN"]
[SourceTitle "EXT 2022"]
[Source "ChessBase"]
[SourceDate "2021.10.06"]
[SourceVersion "1"]
[SourceVersionDate "2021.10.06"]
[SourceQuality "1"]

1. d4 g6 2. f3 Bg7 3. e4 d6 4. b3 e5 5. d5 f5 6. Qe2 fxe4 7. fxe4 Nf6 8. Nc3 0-0 9. h3 Nh5 10. Nf3 Ng3 11. Bg5 Bf6 12. Qf2 Nxh1 13. Qh4 Bxg5 14. Nxg5 Qe7 15. 0-0-0 Rf4 16. Qh6 Ng3 17. Nb5 Rxf1 18. Rxf1 Nxf1 19. h4 Ng3 20. c4 c6 21. Nxd6 Qg7 22. Qxg7+ Kxg7 23. Ne8+ Kf8 24. Nc7 h6 25. Nf3 Nxe4 26. Nxe5 cxd5 27. cxd5 g5 28. Nxa8 Na6 29. hxg5 hxg5 30. Nc4 b5 31. Na5 Nd6 32. a4 bxa4 33. b4 Ke8 34. Kb2 Nb5 35. g3 Nxb4 36. Nc7+ Nxc7 37. Ka3 Ncxd5 38. Kxa4 Kf7 39. Nc4 Bd7+ 40. Kb3 Ke6 41. g4 Bb5 42. Nd2 Bd3 43. Nf3 Kf6 44. Nd4 Ke5 45. Nf3+ Kf4 46. Nd4 Kxg4 47. Ne6 Kh4 48. Nxg5 Kxg5 49. Ka3 Kf4 0-1

[Event "Quebec op U1700"]
[Site "Montreal"]
[Date "2016.07.26"]
[Round "5.13"]
[White "Cloutier, Jean Pierre"]
[Black "Moreau, Michel"]
[Result "1/2-1/2"]
[WhiteElo "1637"]
[BlackElo "1428"]
[PlyCount "92"]
[EventDate "2016.07.23"]
[EventType "swiss"]
[EventRounds "8"]
[EventCountry "CAN"]
[SourceTitle "EXT 2022"]
[Source "ChessBase"]
[SourceDate "2021.10.06"]
[SourceVersion "1"]
[SourceVersionDate "2021.10.06"]
[SourceQuality "1"]

1. e4 c6 2. d4 d5 3. e5 c5 4. c3 e6 5. Bd3 Nc6 6. Ne2 cxd4 7. cxd4 Nge7 8. Bd2 Ng6 9. 0-0 Be7 10. Bc3 0-0 11. Nd2 Bd7 12. a3 Rc8 13. Rc1 a6 14. f4 f5 15. g4 Qe8 16. gxf5 exf5 17. Ng3 Nh4 18. Bb1 Kh8 19. Qb3 Be6 20. Qxb7 Rg8 21. Qxa6 g5 22. Qe2 gxf4 23. Rxf4 Bg5 24. Rf2 Nxd4 25. Qf1 Be3 26. Re1 Bxf2+ 27. Qxf2 Nb5 28. Bb4 Rg4 29. Nf3 Nxf3+ 30. Qxf3 f4 31. Qd3 Rg7 32. Kh1 fxg3 33. hxg3 d4 34. Qf3 Rd8 35. Rf1 Bd5 36. Be4 Bxe4 37. Qxe4 Qh5+ 38. Kg2 Qg4 39. Qxg4 Rxg4 40. e6 Re8 41. e7 Rgg8 42. Bc5 Kg7 43. a4 Nc7 44. Bxd4+ Kg6 45. Rf6+ Kg5 46. Rf7 Kg6 1/2-1/2

[Event "Quebec op U1700"]
[Site "Montreal"]
[Date "2016.07.24"]
[Round "2.4"]
[White "Houle, Sebastien"]
[Black "Cloutier, Jean Pierre"]
[Result "1-0"]
[WhiteElo "1492"]
[BlackElo "1637"]
[PlyCount "105"]
[EventDate "2016.07.23"]
[EventType "swiss"]
[EventRounds "8"]
[EventCountry "CAN"]
[SourceTitle "EXT 2022"]
[Source "ChessBase"]
[SourceDate "2021.10.06"]
[SourceVersion "1"]
[SourceVersionDate "2021.10.06"]
[SourceQuality "1"]

1. e4 e6 2. d4 d5 3. Nd2 c5 4. exd5 exd5 5. Ngf3 Nc6 6. Bb5 a6 7. Bxc6+ bxc6 8. 0-0 Be6 9. Nb3 c4 10. Nc5 Bxc5 11. dxc5 Ne7 12. Nd4 0-0 13. Re1 Bd7 14. g4 Ng6 15. f4 Re8 16. f5 Rxe1+ 17. Qxe1 Nf8 18. Bf4 Qf6 19. Qf2 Re8 20. b4 Re4 21. c3 g5 22. Bd6 Rxg4+ 23. Kh1 Re4 24. Rf1 h6 25. Qc2 Qd8 26. Qd1 Qe8 27. Qh5 Rh4 28. Qf3 Qe4 29. a4 Qxf3+ 30. Rxf3 Re4 31. b5 Re1+ 32. Kg2 axb5 33. axb5 cxb5 34. c6 Bc8 35. Nxb5 Ra1 36. Nc7 Rd1 37. Re3 Rd2+ 38. Kg1 Bxf5 39. Re8 d4 40. Bxf8 d3 41. Bxh6+ Kh7 42. Bxg5 Rd1+ 43. Kf2 Kg6 44. Bf4 Bh3 45. Kg3 Bf5 46. Rd8 Be4 47. Nd5 Rg1+ 48. Kf2 Rg2+ 49. Ke1 Re2+ 50. Kf1 Kf5 51. c7 Bxd5 52. c8Q+ Be6 53. Qc7 1-0

[Event "Quebec op U1700"]
[Site "Montreal"]
[Date "2016.07.23"]
[Round "1.58"]
[White "Cloutier, Jean Pierre"]
[Black "Chira, Dan"]
[Result "1-0"]
[WhiteElo "1637"]
[BlackElo "1447"]
[PlyCount "141"]
[EventDate "2016.07.23"]
[EventType "swiss"]
[EventRounds "8"]
[EventCountry "CAN"]
[SourceTitle "EXT 2022"]
[Source "ChessBase"]
[SourceDate "2021.10.06"]
[SourceVersion "1"]
[SourceVersionDate "2021.10.06"]
[SourceQuality "1"]

1. e4 c5 2. Nc3 a6 3. f4 e6 4. Nf3 Nc6 5. a4 Nf6 6. g3 Be7 7. Bg2 d6 8. 0-0 Bd7 9. e5 Ng4 10. exd6 Bxd6 11. Ng5 Nf6 12. d3 h6 13. Nge4 Be7 14. Kh1 Qb6 15. Nxf6+ Bxf6 16. Ne4 Be7 17. c3 f5 18. Qh5+ Kd8 19. Nd2 Qc7 20. Nc4 Be8 21. Qe2 Bd7 22. a5 Rb8 23. Re1 Bf6 24. Be3 Na7 25. Qf2 Be7 26. Ne5 Be8 27. b4 Nc6 28. Nc4 Bd7 29. bxc5 Ke8 30. d4 Kf7 31. Qe2 Rhe8 32. Bf2 Bf8 33. Kg1 Kg8 34. Nb6 Bc8 35. d5 Nd8 36. d6 Qf7 37. Rad1 Bd7 38. Qa2 Nc6 39. Nxd7 Qxd7 40. Bh3 Kh8 41. Bf1 Ra8 42. Bc4 Nd8 43. Rd2 Rb8 44. Rde2 Ra8 45. Bxe6 Nxe6 46. Rxe6 Rac8 47. Bd4 Kh7 48. Qd5 Rxe6 49. Qxe6 Rd8 50. Qd5 g6 51. Qe5 Bg7 52. Qxg7+ Qxg7 53. Bxg7 Kxg7 54. Re7+ Kf8 55. Rxb7 g5 56. Rc7 g4 57. d7 Ke7 58. c6 h5 59. Rc8 Rxd7 60. cxd7 Kxd7 61. Ra8 Kc6 62. Rxa6+ Kd5 63. Rh6 h4 64. a6 hxg3 65. hxg3 Kc4 66. a7 Kb3 67. a8Q Kc4 68. Qc6+ Kb3 69. Qd5+ Kc2 70. Rh2+ Kc1 71. Qd2+ 1-0

[Event "Montreal Pere Noel U1800"]
[Site "Montreal"]
[Date "2012.12.29"]
[Round "4.23"]
[White "Ollivier, Laurent"]
[Black "Cloutier, Jean Pierre"]
[Result "0-1"]
[WhiteElo "1464"]
[BlackElo "1568"]
[PlyCount "82"]
[EventDate "2012.12.26"]
[EventType "swiss"]
[EventRounds "5"]
[EventCountry "CAN"]
[SourceTitle "EXT 2022"]
[Source "ChessBase"]
[SourceDate "2021.10.06"]
[SourceVersion "1"]
[SourceVersionDate "2021.10.06"]
[SourceQuality "1"]

1. e4 g6 2. d4 Bg7 3. Nf3 d6 4. c4 Nf6 5. Nc3 0-0 6. Bg5 h6 7. Bh4 Nbd7 8. Be2 c5 9. d5 a6 10. a4 Qa5 11. 0-0 Re8 12. Nd2 Ne5 13. h3 g5 14. Bg3 Ng6 15. Qc2 g4 16. hxg4 Bxg4 17. f3 Nh5 18. Nb3 Qd8 19. Bh2 Bc8 20. f4 Nf6 21. f5 Nf8 22. e5 N6h7 23. e6 Nf6 24. Ne4 N8h7 25. Nbd2 Nxe4 26. Nxe4 Bd4+ 27. Kh1 f6 28. Bh5 Rf8 29. Ra3 Ng5 30. Bf4 Kg7 31. Rg3 Rh8 32. Nd2 b5 33. Nf3 bxc4 34. Nxd4 cxd4 35. Qxc4 Bb7 36. Qxd4 Qa5 37. Bxg5 hxg5 38. Rxg5+ Kf8 39. Rg7 Rxh5+ 40. Kg1 Kxg7 41. Qg4+ Rg5 0-1

[Event "Montreal Pere Noel U1800"]
[Site "Montreal"]
[Date "2012.12.28"]
[Round "3.18"]
[White "Cloutier, Jean Pierre"]
[Black "Laferriere, Samuel"]
[Result "0-1"]
[WhiteElo "1568"]
[BlackElo "1619"]
[PlyCount "74"]
[EventDate "2012.12.26"]
[EventType "swiss"]
[EventRounds "5"]
[EventCountry "CAN"]
[SourceTitle "EXT 2022"]
[Source "ChessBase"]
[SourceDate "2021.10.06"]
[SourceVersion "1"]
[SourceVersionDate "2021.10.06"]
[SourceQuality "1"]

1. e4 g6 2. d4 Bg7 3. c3 d6 4. Bd3 Nf6 5. Ne2 0-0 6. f3 c5 7. Na3 Nc6 8. Be3 cxd4 9. Nxd4 d5 10. Nxc6 bxc6 11. e5 Ne8 12. f4 f6 13. Bd4 Qc7 14. Qe2 c5 15. Nb5 Qc6 16. exf6 exf6 17. Bf2 c4 18. Nd4 cxd3 19. Qxd3 Qd6 20. 0-0 Ba6 21. Nb5 Qc6 22. a4 Nd6 23. c4 dxc4 24. Qh3 Nxb5 25. axb5 Bxb5 26. f5 g5 27. Bd4 a6 28. Rfe1 Rfe8 29. Re6 Rxe6 30. fxe6 Re8 31. Re1 Qd5 32. Bc3 Bc6 33. Qg4 h6 34. h3 f5 35. Qe2 Bxc3 36. bxc3 Kg7 37. Kh1 Rxe6 0-1

[Event "Montreal Pere Noel U1800"]
[Site "Montreal"]
[Date "2012.12.26"]
[Round "1.26"]
[White "Cloutier, Jean Pierre"]
[Black "Ouellet, Maili Jade"]
[Result "1-0"]
[WhiteElo "1568"]
[BlackElo "1399"]
[PlyCount "93"]
[EventDate "2012.12.26"]
[EventType "swiss"]
[EventRounds "5"]
[EventCountry "CAN"]
[SourceTitle "EXT 2022"]
[Source "ChessBase"]
[SourceDate "2021.10.06"]
[SourceVersion "1"]
[SourceVersionDate "2021.10.06"]
[SourceQuality "1"]

1. e4 c5 2. g3 Nc6 3. Bg2 e6 4. Nf3 d5 5. exd5 exd5 6. 0-0 Nf6 7. d4 c4 8. Ne5 Be6 9. Nc3 h6 10. f4 Bb4 11. f5 Bc8 12. a3 Ba5 13. Nxc6 bxc6 14. Re1+ Kf8 15. Qf3 Ne4 16. g4 h5 17. g5 Nxg5 18. Bxg5 Qxg5 19. Re3 h4 20. h3 Bxf5 21. Rf1 Bg6 22. Qe2 Bxc2 23. Re1 Be4 24. Nxe4 dxe4 25. Rf1 Re8 26. Rxe4 Rxe4 27. Qxe4 Rh6 28. Qe2 Rg6 29. Kh1 Qd2 30. Qe4 Qd3 31. Qf4 Kg8 32. Qxh4 Qd2 33. Qe4 Re6 34. Qf5 Re7 35. Bxc6 Bc7 36. Bg2 Qxb2 37. Qc5 Qe2 38. Qf5 Bb6 39. Bd5 Rc7 40. Bxf7+ Kh8 41. Bg6 Qxf1+ 42. Qxf1 Rc8 43. Qf5 Rd8 44. Bf7 Rd5 45. Qxd5 g6 46. Qe5+ Kh7 47. Qf6 1-0